Los trabajos de Persiles y Sigismunda, (Record no. 79)
[ view plain ]
| 000 -LEADER | |
|---|---|
| campo de control de longitud fija | 00435 a2200145 4500 |
| 020 ## - NÚMERO INTERNACIONAL ESTÁNDAR DEL LIBRO | |
| Número Internacional Estándar del Libro | 8495349299 |
| 082 ## - NÚMERO DE LA CLASIFICACIÓN DECIMAL DEWEY | |
| Número de clasificación | 863.32 |
| Número de ítem | C419t |
| 100 ## - ENTRADA PRINCIPAL--NOMBRE DE PERSONA | |
| Nombre de persona | Miguel de Cervantes Saavedra |
| 9 (RLIN) | 393 |
| 245 ## - MENCIÓN DEL TÍTULO | |
| Título | Los trabajos de Persiles y Sigismunda, |
| Resto del título | historia setentrional |
| 260 ## - PUBLICACIÓN, DISTRIBUCIÓN, ETC. | |
| Lugar de publicación, distribución, etc. | Zaragoza, Espaą |
| Nombre del editor, distribuidor, etc. | Aneto Publicaciones |
| Fecha de publicación, distribución, etc. | 2005 |
| 300 ## - DESCRIPCIÓN FÍSICA | |
| Extensión | 160p |
| Dimensiones | 18cm |
| 440 ## - MENCIÓN DE SERIE/PUNTO DE ACCESO ADICIONAL--TÍTULO | |
| Título | Obras completas |
| Designación de volumen o secuencia | Vol. 1 |
| 9 (RLIN) | 394 |
| 650 ## - PUNTO DE ACCESO ADICIONAL DE MATERIA--TÉRMINO DE MATERIA | |
| Término de materia o nombre geográfico como elemento de entrada | Literatura espaǫla |
| 9 (RLIN) | 395 |
| 650 ## - PUNTO DE ACCESO ADICIONAL DE MATERIA--TÉRMINO DE MATERIA | |
| Término de materia o nombre geográfico como elemento de entrada | novela |
| 9 (RLIN) | 396 |
| Estatus retirado | Estado de pérdida | Fuente del sistema de clasificación o colocación | Estado de daño | No para préstamo | Biblioteca de origen | Biblioteca actual | Ubicación en estantería | Fecha de adquisición | Total de préstamos | Signatura topográfica completa | Código de barras | Visto por última vez | Precio de reemplazo | Tipo de ítem Koha |
|---|---|---|---|---|---|---|---|---|---|---|---|---|---|---|
| Clasificación Decimal Dewey | Biblioteca LadoV | Biblioteca LadoV | 25/04/2014 | 863.32 C419t | 000083 | 25/04/2014 | 25/04/2014 | Material 01 |
